000 00402nam a2200181Ia 4500
001 19093
005 20260306171718.0
008 260306s9999||||xx |||||||||||||| ||und||
041 _aESP
082 _a658.8
_bK77F 2008
100 _aKotler, Philip
_eAUT
245 0 _aFundamentos de marketing
260 _c2008
300 _a
_c
650 _aGEN
654 _aCAN
942 _cLIB
_dJUS
_fJUS
_2ddc
_n
999 _c19093
_d19093